000 00380nam a2200157Ia 4500
008 230917s9999||||xx |||||||||||||| ||und||
020 _cPON2.5
040 _e12765
_aMAIN
041 _aEnglish
082 _a380.5 B443T
100 _aBenson, Don
245 0 _aTransport and distribution made simple
260 _aLondon
_bW H Allen
_c1975
300 _ax,276 p.
942 _cBK
999 _c226975
_d226975